Most Spoken Non-English Languages in Florida - Statistics

General Stats
  • This quiz has been taken 52 times
  • The average score is 11 of 14
Answer Stats
Number of Speakers Language % Correct
1.6 million Spanish
98%
200k French (incl. Creole)
96%
11.5k German
92%
16.5k Russian
90%
33k Chinese
88%
13.2k Italian
86%
33k Portuguese
86%
15.5k Arabic
78%
9k Polish
76%
18k Tagalog
76%
36k Vietnamese
76%
9.7k Korean
74%
5.3k Thai
58%
6k Gujarati
22%
No matching quizzes found
Score Distribution
Percent of People with Each Score
Percentile by Number Answered
Your Score History
You have not taken this quiz